00565 2200169 4500001002100000008004100021035002000062245012600082100003600208260004500244300002700289020002200316084001700338082001100355650001700366990001200383INLIS000000000016082 ind  a0010-0423000099 aMakanan Terbaik Untuk Tubuh Kembang Bayi:(Usia 6-12 Bulan Lebih)cAmbarini;Yekti Hartati Effendi;Editor,Intarina Hardiman aAMBARINI,Yekti HARTATI, Effendi aJakarta :bGramedia Pustaka Utama,c2019 a99 hlm.: ilus.c25 cm. a978-602-06-3091-5 a664.62 AMB m a664.62 aMAKANAN BAYI a10911 a